00633cam a22002172 4500001001300000003000400013005001700017008004100034010001700075040001900092043001200111050001600123100004200139245004600181260003700227300002800264650004200292651003400334650003000368999001700398l 25000112 DLC20260227111530.0820716s1921 gw 000 0 ger  al 25000112  aDLCcCarPdDLC ae-gx---00aHD7029b.K81 aKuczynski, Robert René,d1876-1947.14aDas existenzminimum und verwandte fragen, aBerlin,bH. R. Engelmann,c1921. a3 p. l., 137 p.c23 cm. 0aCost and standard of livingzGermany. 0aGermanyxEconomic conditions. 0aFinance, PubliczGermany. c35779d35779